غبن / (Record no. 107795)

MARC details
000 -LEADER
fixed length control field 00896nam a22002657a 4500
005 - DATE AND TIME OF LATEST TRANSACTION
control field 20170123162331.0
010 ## - LIBRARY OF CONGRESS CONTROL NUMBER
LC control number A-880565
020 ## - INTERNATIONAL STANDARD BOOK NUMBER
Terms of availability 13.00
International Standard Book Number 8123721757
035 ## - SYSTEM CONTROL NUMBER
System control number A-880565
037 ## - SOURCE OF ACQUISITION
Source of stock number/acquisition Cen Lib/Ret
040 ## - CATALOGING SOURCE
Original cataloging agency DPL
Language of cataloging UR
082 ## - DEWEY DECIMAL CLASSIFICATION NUMBER
Classification number ن
Item number پ ر ے
100 ## - MAIN ENTRY--PERSONAL NAME
Personal name پریم چند
9 (RLIN) 661
245 ## - TITLE STATEMENT
Title غبن /
Statement of responsibility, etc پریم چند ؛ مرتجم عبد العزیز
246 ## - VARYING FORM OF TITLE
Title proper/short title Ghaban /
Remainder of title by Prem Chand ; translated by Abdul Aziz
260 ## - PUBLICATION, DISTRIBUTION, ETC. (IMPRINT)
Place of publication, distribution, etc نیی دہلی
Name of publisher, distributor, etc ساہتیہ اکادمینیشنل بک ٹرسٹ انڈیا
Date of publication, distribution, etc 1997
270 ## - ADDRESS
City نیی دہلی
Address اے.٥، گرین پارک
Postal code 110016
300 ## - PHYSICAL DESCRIPTION
Extent 90p.
Dimensions 21cm(Hb)
650 ## - SUBJECT ADDED ENTRY--TOPICAL TERM
Topical term or geographic name as entry element ادب - ہندی
9 (RLIN) 137054
650 ## - SUBJECT ADDED ENTRY--TOPICAL TERM
Topical term or geographic name as entry element ہندی ناول
9 (RLIN) 137055
650 ## - SUBJECT ADDED ENTRY--TOPICAL TERM
Topical term or geographic name as entry element Literature -- Hindi
9 (RLIN) 83958
650 ## - SUBJECT ADDED ENTRY--TOPICAL TERM
Topical term or geographic name as entry element Hindi Novel
9 (RLIN) 137056
700 ## - ADDED ENTRY--PERSONAL NAME
Personal name عبد العزیز
9 (RLIN) 137057
942 ## - ADDED ENTRY ELEMENTS (KOHA)
Source of classification or shelving scheme Dewey Decimal Classification
Koha item type Urdu Bks
Classification part ن
Call number suffix پ ر ے
Holdings
Withdrawn status Lost status Damaged status Not for loan Home library Current library Date acquired Source of acquisition Cost, normal purchase price Total Checkouts Full call number Barcode Date last seen Copy number Cost, replacement price Price effective from Koha item type
        Central Library Central Library 11/01/2016 Cen Lib/Ret 13.00   ن پ ر ے A-880565 11/01/2016 1 13.00 11/01/2016 Urdu Bks

© Delhi Public Library
Hit Counter
free hit counter